Statistics for Martin Landau Quiz

Click here to take the quiz!

General Stats

  • This quiz has been taken 8 times
  • The average score is 8 of 11

Answer Stats

Hint Answer % Correct
Died July 15, 2017 in this west coast metropolisLos Angeles
100%
Early film appearance in this 1959 Hitchcock film starring Cary GrantNorth By Northwest
100%
Won best 1995 supporting actor Oscar playing Bela Lugosi in this film.Ed Wood
100%
Born June 20, 1928 in this New York City boroughBrooklyn
83%
Appeared as Rufio in this 1963 Liz Taylor historical epicCleopatra
83%
Appeared in an1998 episode of this TV sci-fi show starring David DuchovnyThe X-Files
83%
Played the role of Rollin Hand in this TV showMission Impossible
67%
He and his wife starred in this space-based TV 1970s showSpace: 1999
67%
His wife, who portrayed Cinnamon Carter in the above showBarbara Bain
50%
Played Harry Trimble in this 2001 film starring Jim Carey in his first serious role as blacklisted Hollywood writerThe Majestic
50%
Played Abe Karatz (and the voice of Walter Winchell) in this 1988 Coppola movie starring Jeff Bridges as a maverick auto designerTucker: The Man and His Dream
33%

Score Distribution

Percentile by Number Answered

Percent of People with Each Score

Your Score History

You have not taken this quiz